000 00283nam a22001217a 4500
041 _aENG
100 _aSioshansi.F.P
245 _aEnergy Efficiency Towards The End Of Demand Growth
260 _aDelhi
_bElsevier
_c2013
300 _a631
650 _aEOES
856 _uEOES ( 39 )
999 _c1296
_d1296